000 01403nam a22002777a 4500
001 7393
003 FISKH
005 20250711144528.0
008 250711b cb ||||| |||| 00| 0 eng d
040 _aFISKH
_beng
_cFISKH
_dFISKH
050 _aPZ5.S475
082 _a899.22108002
100 _aFrith, Michael
245 _aThe Sesame street library volume 12 :
_bFeaturing the letters W, X, Y, and Z and the number 12
_cWith Jim Henson's Muppets
250 _aThis edition published in 1978
260 _aNew York :
_bChildren's Television Workshop,
_c1971
300 _a42 unnumbered pages :
_bcolor illustrations ;
_c28 cm
505 _aE
520 _aThe Sesame Street Library Volume 12 is the final volume in a 12-book educational series featuring the beloved Sesame Street characters. This volume focuses on the letters W, X, Y, and Z, as well as the number 12. Through short stories, poems, jokes, and fun facts, children are introduced to vocabulary, phonics, and simple reading concepts. Big Bird, Bert, Ernie, Grover, Cookie Monster, and other familiar Muppets guide readers through silly adventures, playful dialogues, and alphabet-themed fun.
521 8 _a200
_bLexile estimate
521 8 _aE
_bRaz-Plus
650 _aAlphabet
_vChildren's Picture Book
_xNumbers and Counting
700 _aCrawford, Mel
_eillustrator
942 _2ddc
_cBK
_n0
999 _c7393
_d7393